|
|
|
|
| LEADER |
00000nam a2200000 a 4500 |
| 001 |
vtls008944392 |
| 003 |
SK-MaSNL |
| 005 |
20260426014836.0 |
| 008 |
160610s2006 xo dbl g 000 0 slo |
| 015 |
|
|
|a SNBA2007/06-02175
|
| 020 |
|
|
|a 808924906X (viaz.)
|
| 035 |
|
|
|a C2590F94-2F98-4C88-AF7C-DB5AC9F6A442
|
| 035 |
|
|
|a urn:nbn:sk:snk-amlbjy
|
| 035 |
|
|
|a urn:nbn:sk:snk-am00922u
|
| 040 |
|
|
|a SNK
|b slo
|c SNK
|e AACR2
|
| 041 |
0 |
|
|a slo
|a hun
|b hun
|b slo
|
| 043 |
|
|
|a e-xo---
|
| 044 |
|
|
|a xo
|c SK
|
| 072 |
|
7 |
|a 323
|x Vnútropolitický vývoj, politický život
|2 konspekt
|
| 080 |
|
|
|a 323.15
|2 2001
|
| 080 |
|
|
|a 316.356.4
|2 2001
|
| 080 |
|
|
|a (437.6)
|2 2001
|
| 080 |
|
|
|a (048.8)
|2 2001
|
| 245 |
0 |
0 |
|a Národnostné a etnické menšiny na Slovensku 2005
|c zostavili Lelkes Gábor, Tóth Károly
|
| 246 |
1 |
1 |
|a Nemzeti és etnikai kisebbségek Szlovákiában 2005
|
| 250 |
|
|
|a [1. vyd.]
|
| 260 |
|
|
|a Šamorín
|b Fórum inštitút pre výskum menšín
|c 2006
|
| 300 |
|
|
|a 350 s.
|b grafy, mp., tab.
|c 24 cm
|
| 500 |
|
|
|a Tir. aj maď.
|
| 504 |
|
|
|a Bibliogr. odkazy. Pozn.
|
| 546 |
|
|
|a Čiast. text maď. Res. maď., slov.
|
| 648 |
|
7 |
|a 2005
|2 SNKPH
|9 305506
|
| 650 |
0 |
7 |
|a národnostné menšiny
|2 SNKPH
|9 2669
|
| 650 |
0 |
7 |
|a etnické skupiny
|2 SNKPH
|9 1669
|
| 651 |
|
7 |
|a Slovensko
|2 SNKPH
|9 14231
|
| 655 |
|
7 |
|a štúdie
|2 SNKPH
|9 57033
|
| 655 |
|
7 |
|a prehľady
|2 SNKPH
|9 70194
|
| 700 |
1 |
|
|a Lelkes, Gábor,
|d 1973-
|4 com
|9 305886
|
| 700 |
1 |
|
|a Tóth, Károly,
|d 1959-2016
|4 com
|9 247243
|
| 919 |
|
|
|a 80-89249-06-X
|
| 958 |
|
|
|a NB
|
| 958 |
|
|
|a NM
|
| 968 |
|
|
|d 32
|
| 999 |
|
|
|c 1169953
|d 1171883
|
| 952 |
|
|
|a SNK
|b SNK
|y PREZ
|7 0
|p 17A0539868
|o snkSC 119665/2005
|i snk2007/3917
|8 0
|0 0
|1 0
|4 0
|d 2007-02-09
|f 1
|l 0
|r 2025-05-28 00:00:00
|w 2026-02-24
|
| 952 |
|
|
|a SNK
|b SNK
|y VYP
|7 0
|p 17A0539869
|o snkSC 119665/2005 D1
|i snk2007/3918
|8 0
|0 0
|1 0
|4 0
|d 2007-02-09
|l 0
|r 2026-02-24 21:00:54
|w 2026-02-24
|